Normal view MARC view
  • Batllori Guerrero, Alicia

Entry Nombre Personal

Number of records used in: 2

001 - NUMERO DE CONTROL

  • campo de control: 44352

003 - IDENTIFICADOR DE NUMERO DE CONTROL

  • campo de control: DLC

005 - FECHA Y HORA DE LA ÜLTIMA TRANSACCIÓN

  • campo de control: 20220502122949.0

008 - DATOS DE LONGITUD FIJA

  • campo de control de longitud fija: 220502n| acannaabn |a aaa c

010 ## - NÚMERO DE CONTROL DE LA BIBLIOTECA DEL CONGRESO

  • Número de control LC: ns2012004040

024 7# - OTROS IDENTIFICADORES NORMALIZADOS

  • Fuente: unam
  • Número normalizado o código: 37926

024 7# - OTROS IDENTIFICADORES NORMALIZADOS

  • Fuente: viaf
  • Número normalizado o código: 263922979

035 ## - NUMERO DE CONTROL

  • Número de control: (CaEvSKY)skya10008185

040 ## - FUENTE DE CATALOGACIÓN

  • Agencia original de catalogación: MX-SlUA
  • Lenguaje de catalogación: spa
  • Agencia de transcripción: MX-SlUA
  • Agencia que lo modifica: MXMxUNAM
  • Agencia que lo modifica: MX-MxUPN

100 1# - ENCABEZAMIENTO - NOMBRE PERSONAL

  • Nombre personal: Batllori Guerrero, Alicia

370 ## - LUGAR ASOCIADO

  • Associated country: México

371 ## - DIRECCIÓN

  • Electronic mail address: batllori@unam.mx

373 ## - GRUPO ASOCIADO

  • Número de control del registro de autoridad o número normalizado: (UNAM) 20706
  • Associated group: Universidad Nacional Autónoma de México. Centro Regional de Investigaciones Multidisciplinarias

374 ## - OCUPACIÓN

  • Occupation: Investigadora

375 ## - GÉNERO

  • Gender: femenino

400 1# - VEÁSE - NOMBRE DE PERSONA

  • Personal name: Guerrero, Alicia Batllori

670 ## - FUENTE EN LA QUE SE LOCALIZARON DATOS

  • Cita de la fuente: La educación ambiental para la sustentabilidad: un reto para las universidades, 2008:
  • Información localizada: portada (Alicia Batllori Guerrero)

670 ## - FUENTE EN LA QUE SE LOCALIZARON DATOS

  • Cita de la fuente: Barrancas de Morelos, enfoque educativo para un cambio de comportamiento de los moradores, 15 febrero 2017:
  • Información localizada: (Alicia Batllori Guerrero; Centro Regional de Investigaciones Multidisciplinarias, UNAM)
  • Uniform Resource Identifier: https://es.scribd.com/document/126214595/Barrancas-de-Cuernavaca-Alicia-Batllori-1-CRIM-UNAM

902 ## - CATALOGADOR

  • Catalogador: NDAF/220502